米小圈脑筋急转弯:古堡大冒险 / (Record no. 10019)

MARC details
000 -LEADER
fixed length control field 01425nam a22001937a 4500
001 - CONTROL NUMBER
control field 10019
003 - CONTROL NUMBER IDENTIFIER
control field FISKH
005 - DATE AND TIME OF LATEST TRANSACTION
control field 20260401110725.0
008 - FIXED-LENGTH DATA ELEMENTS--GENERAL INFORMATION
fixed length control field 260330b cb ||||| |||| 00| 0 eng d
020 ## - INTERNATIONAL STANDARD BOOK NUMBER
International Standard Book Number 9787536574373
040 ## - CATALOGING SOURCE
Original cataloging agency FISKH
Language of cataloging chi
Transcribing agency FISKH
Modifying agency FISKH
082 ## - DEWEY DECIMAL CLASSIFICATION NUMBER
Classification number 793
100 ## - MAIN ENTRY--PERSONAL NAME
Personal name 北猫
245 ## - TITLE STATEMENT
Title 米小圈脑筋急转弯:古堡大冒险 /
Statement of responsibility, etc. 北猫
300 ## - PHYSICAL DESCRIPTION
Extent 139 pages :
Other physical details color illustrations ;
Dimensions 17 cm .
520 ## - SUMMARY, ETC.
Summary, etc. 这本书是“米小圈脑筋急转弯”系列之一,通过一个有趣的冒险故事来串联一系列的脑筋急转弯题目,既让孩子们读故事,又在闯关答题中锻炼思维能力。故事的主线是:米小圈的好朋友姜小牙被神秘的黑衣人抓走了,而黑衣人向米小圈他们提出了挑战——只要答对所有问题,就放走姜小牙并送出宝藏。米小圈和伙伴们在古堡中经历了三关紧扣、逐级递进的智慧关卡,绞尽脑汁、开动大脑,最终成功解答所有问题。黑衣人兑现承诺放了姜小牙,并告诉他们:“真正的宝藏不是外物,而是自己大脑的无限潜能。”后来才发现,黑衣人其实是铁头、姜小牙和米小圈的爸爸假扮的这一出,既令人哭笑不得又充满趣味。整本书通过轻松幽默的故事和机智的问题引导小读者拓展思维,在笑声中提高逻辑推理能力。
942 ## - ADDED ENTRY ELEMENTS (KOHA)
Source of classification or shelving scheme Dewey Decimal Classification
Koha item type Chinese Book
Suppress in OPAC No
Holdings
Withdrawn status Lost status Source of classification or shelving scheme Damaged status Not for loan Collection Home library Current library Shelving location Date acquired Total Checkouts Full call number Barcode Date last seen Price effective from Koha item type
    Dewey Decimal Classification     Reference Footprints International School Library Network Toul Tom Poung Campus Footprints International School Library Network Toul Tom Poung Campus Librarian's Shelf TTP 03/30/2026   北猫 793 2026-0401 03/30/2026 03/30/2026 Books